000 00776nam a2200229Ii 4500
003 JO-AjNU
008 230605s9999||||xx |||||||||||||| ||und||
017 _a2002/14276
020 _a977-01-8016-5
040 _aJO-AjNU
_bara
_erda
_cJO-AjNU
041 _aara
050 1 4 _aPJ7642.C58.S9822 2002
100 3 _aسويلم، أحمد,
_eauthor
_912800
245 0 0 _aأطفالنا في عيون الشعراء
264 3 1 _aالقاهرة: مكتبة الأسرة،2002 ؛ مهرجان القراءة للجميع 2002
300 _a243ص
336 _atext
_btxt
_2rdacontent
337 _aunmediated
_bn
_2rdamedia
338 _avolume
_bnc
_2rdacarrier
490 0 _aسلسلة الأعمال الإبداعية
650 4 _aالشعر العربي - أطفال
_912801
999 _aA3019
_c6587
_d6587